| 000 | 01003cam a22003017a 4500 | ||
|---|---|---|---|
| 003 | CHAP | ||
| 005 | 20220329140655.0 | ||
| 008 | 971013s r 00010 d | ||
| 010 | _a55817 | ||
| 011 | _a56789 | ||
| 035 | _a60942 | ||
| 040 | _cCHAP | ||
| 090 | _aR-2714 | ||
| 100 | 0 | 0 |
_aZaitlin, Milton. _9123447 |
| 245 | 1 | 2 | _aA gel electrophoretic analysis of proteins from plants infected with tobacco mosaic and potato spindle tuber viruses |
| 500 | _aSobretiro de: Virology 47:296-305, 1972 | ||
| 590 |
_aBATCH-UPD _b10 _c20130110 _lUCH01 _h0622 |
||
| 590 |
_aBATCH-UPD _b10 _c20130110 _lUCH01 _h2254 |
||
| 590 |
_aBATCH-UPD _b10 _c20130410 _lUCH01 _h0304 |
||
| 590 |
_aBATCH-UPD _b10 _c20130914 _lUCH01 _h1601 |
||
| 590 |
_aCONVERSION _b10 _c20130109 _lUCH01 _h1330 |
||
| 650 | 1 | 4 |
_aProteĆnas vegetales. _992460 |
| 650 | 1 | 4 |
_aVirus del mosaico del tabaco. _9119964 |
| 700 | 0 |
_aHariharasubramania, V. _952678 |
|
| 901 | _aBK | ||
| 942 | _cREIMP | ||
| 949 |
_aR-2714 _bBC _cR _d-131071 _eTS1 _i60942 _mD _si |
||
| 999 |
_c55817 _d55817 |
||